MARC

LEADER 00000nab a2200000 ar4500
001 vtls011468193
003 SK-MaSNL
005 20260303094143.0
008 160122c2015 xo sr|p|||||||000 b|slo
038 |a PPPK 
040 |a PPPKCL  |b slo  |c PPPKCL  |e AACR2 
041 0 |a slo 
044 |a xo  |c SK 
080 |a 373.3  |x (437.6)  |2 2001 
100 1 |a Jurašková, Želmíra,  |d 1954-  |4 aut  |9 362643 
245 1 0 |a Dvere telocvične boli otvorené dokorán  |c PaedDr. Želmíra Jurašková, PhD., ZŠ Dr. D. Fischera, Kežmarok ; [Foto] archív ZŠ 
300 |b Fotogr. 
610 2 7 |a Základná škola Dr. Daniela Fischera 2 (Kežmarok, Slovensko)  |2 pppkcl  |9 1039201 
611 2 7 |a Európsky týždeň boja proti drogám  |g podujatie  |d (2015 :  |c Kežmarok, Slovensko)  |2 pppkcl  |9 1106126 
650 0 7 |a základné školy  |2 pppkcl  |9 1280 
650 0 7 |a športové podujatia  |2 pppkcl  |9 346711 
651 7 |a Kežmarok (Slovensko)  |2 pppkcl  |9 26808 
773 0 |t Kežmarok  |g Roč. XXIII, č. 23 (2015), s. 24 
852 |a PPPK  |b KIS3GCP 
856 4 1 |u http://www.kezmarok.sk/obcan/clanky/noviny_kezmarok_archiv-138.htm 
999 |c 1819082  |d 1821012